Bleach characters by emojis - Statistics

General Stats
  • This quiz has been taken 91 times
  • The average score is 23 of 39
Answer Stats
Hint Answer % Correct
๐Ÿ‘จ๐Ÿปโ€๐Ÿฆฐ๐Ÿ—ก๏ธ๐Ÿ“๐ŸŒ™๐Ÿ’€ Ichigo Kurosaki
100%
๐Ÿ‘ฉ๐Ÿปโ€๐Ÿฆฐ๐Ÿงš๐Ÿงš๐Ÿงš๐Ÿงš๐Ÿงš๐Ÿงš๐Ÿ›ก๏ธ๐Ÿš‘ Orihime Inoue
97%
๐Ÿค“โœ๏ธ๐Ÿน๐Ÿ˜‡๐Ÿชฝ Uryu Ishida
97%
๐Ÿ‡ฒ๐Ÿ‡ฝ๐ŸฅŠ๐Ÿ’ช๐Ÿป๐Ÿ’ช๐Ÿฟ๐Ÿ‘ฟ Yasutora Sado
97%
๐Ÿ—ก๏ธโ„๏ธ๐ŸŒจ๏ธ๐Ÿฅถ๐Ÿ’ƒ๐Ÿฐ Rukia Kuchiki
95%
๐Ÿ—ก๏ธ๐Ÿ”ฅ๐Ÿ”ฅ๐Ÿ”ฅ๐Ÿ‘ด๐Ÿป Genryusai Shigekuni Yamamoto
94%
๐Ÿ—ก๏ธ๐ŸŒธ๐ŸŒธ๐ŸŒธ๐Ÿ—ก๏ธ๐Ÿ—ก๏ธ๐Ÿ—ก๏ธ๐Ÿ—ก๏ธ Byakuya Kuchiki
84%
๐Ÿ—ก๏ธ๐Ÿ๐Ÿฅท๐Ÿฆ‹๐Ÿš€ Soi Fon
84%
๐Ÿ—ก๏ธ๐Ÿ˜‘๐Ÿโžก๏ธโžก๏ธโžก๏ธโžก๏ธโžก๏ธ Gin Ichimaru
83%
๐Ÿ—ก๏ธ๐Ÿ๐Ÿ๐Ÿ’๐Ÿ… Renji Abarai
83%
๐Ÿ—ก๏ธ๐Ÿš‘๐ŸŸ๐Ÿฉธ Retsu Unohana
79%
๐Ÿ—ก๏ธ๐Ÿ‰โ„๏ธ๐ŸŒจ๏ธ๐ŸงŠ Toshiro Hitsugaya
73%
๐Ÿ—ก๏ธ๐Ÿ‘จโ€๐Ÿ”ฌ๐Ÿงช๐Ÿ‘ถ๐Ÿ› Mayuri Kurotsuchi
70%
๐Ÿ—ก๏ธ๐Ÿ‘จ๐Ÿพโ€๐Ÿฆฏ๐Ÿฆ—โšซ๐Ÿชฐ Kaname Tosen
67%
๐Ÿ—ก๏ธ๐Ÿ’ช๐Ÿผ๐Ÿช“๐Ÿ‘น Kenpachi Zaraki
63%
๐Ÿˆโ€โฌ›โšก๐Ÿฅท๐Ÿ’จ Yoruichi Shihoin
62%
๐Ÿ—ก๏ธ๐Ÿค“๐Ÿงฟ๐Ÿ˜ตโ€๐Ÿ’ซ๐Ÿฆ‹ Sosuke Aizen
60%
โš”๏ธ๐ŸŒธ๐Ÿ‘˜๐ŸŽฒ๐Ÿ‘ฅ๐ŸŽญ Shunsui Kyoraku
59%
๐Ÿงธ๐Ÿฆ๐Ÿ’Š Kon
56%
๐Ÿ’€1๏ธโƒฃ๐Ÿ”ซ๐Ÿ”ซ๐Ÿบ๐Ÿ‘ง๐Ÿป Coyote Starkk
54%
๐Ÿ’€3๏ธโƒฃ๐Ÿ‘ถ๐Ÿคค๐ŸฆŒ Nelliel Tu Odelschwanck
52%
๐Ÿ’€6๏ธโƒฃ๐Ÿฏ๐Ÿ…๐Ÿ˜ก Grimmjow Jaegerjacquez
49%
๐Ÿ‘‘โœ๏ธ๐Ÿน๐Ÿ”ฎ๐Ÿ‘๏ธโ€๐Ÿ—จ๏ธ๐Ÿ‘๏ธโ€๐Ÿ—จ๏ธ๐Ÿ‘๏ธโ€๐Ÿ—จ๏ธ๐Ÿ‘๏ธโ€๐Ÿ—จ๏ธ Yhwach
49%
๐Ÿ—ก๏ธ๐Ÿบ๐Ÿช–๐Ÿซ€๐Ÿ‘น Sajin Komamura
48%
๐Ÿ’€3๏ธโƒฃ๐Ÿฆˆ๐ŸŒŠ๐Ÿ’ง Tier Harribel
48%
๐Ÿ’€4๏ธโƒฃ๐Ÿ‘ฟ๐Ÿฆ‡โšก๐ŸŒ™ Ulquiorra Cifer
48%
๐Ÿ—ก๏ธ๐Ÿช๐Ÿฌ๐Ÿ‘จโ€๐Ÿ”ฌ๐Ÿงช๐Ÿชก Kisuke Urahara
46%
โš”๏ธ๐ŸŸ๐ŸŸ๐Ÿ˜ท๐Ÿชฌ Jushiro Ukitake
44%
๐Ÿ—ก๏ธ๐Ÿ‘ฉ๐Ÿปโ€๐Ÿฆฐโ˜๏ธ๐Ÿ˜บ Rangiku Matsumoto
44%
๐Ÿ’€0๏ธโƒฃ๐Ÿ’ช๐Ÿผ๐Ÿ’ช๐Ÿผ๐Ÿ˜ก Yammy Llargo
43%
๐Ÿ’€2๏ธโƒฃ๐Ÿ‘ด๐Ÿป๐Ÿ‘‘๐Ÿช“โ˜ ๏ธ Barragan Louisenbam
40%
๐Ÿ—ก๏ธโ›“๏ธ๐Ÿ˜ฑ6๏ธโƒฃ9๏ธโƒฃ Shuhei Hisagi
38%
๐Ÿ—ก๏ธ๐Ÿ‘จ๐Ÿปโ€๐Ÿฆฒ๐Ÿฎ๐Ÿ‰ Ikkaku Madarame
35%
๐Ÿ’€5๏ธโƒฃ๐Ÿ›ก๏ธ๐Ÿช“๐Ÿช“๐Ÿฆ—๐ŸŒ™ Nnoitra Gilga
33%
๐Ÿ—ก๏ธ๐Ÿ’€๐Ÿ”„๐Ÿ™ƒ Shinji Hirako
33%
๐Ÿ—ก๏ธ๐Ÿ‹๏ธโ€โ™‚๏ธโš–๏ธโฌ‡๏ธ Izuru Kira
32%
๐Ÿ’€9๏ธโƒฃ๐Ÿ”ฑ๐ŸŒŠ๐Ÿ™ Aaroniero Arruruerie
24%
๐Ÿ’€8๏ธโƒฃ๐Ÿค“๐Ÿ‘จโ€๐Ÿ”ฌ๐Ÿงช๐Ÿช†๐ŸŽŽ Szayelaporro Granz
24%
๐Ÿ’€7๏ธโƒฃ๐ŸŽƒ๐Ÿ‘๏ธ๐Ÿ‘๏ธ๐Ÿ‘๏ธโ˜€๏ธ๐Ÿ•น๏ธ Zommari Rureaux
17%
No matching quizzes found
Score Distribution
Percent of People with Each Score
Percentile by Number Answered
Your Score History
You have not taken this quiz